|
|
|
|
| LEADER |
00000nab a2200000 a 4500 |
| 001 |
vtls011581208 |
| 003 |
SK-MaSNL |
| 005 |
20260318122255.0 |
| 008 |
160923c2016 xo br p 000 c0ukr |
| 015 |
|
|
|a SNBRB2016/09
|
| 038 |
|
|
|a SVKPOCL
|
| 040 |
|
|
|a SVKPOCL
|b slo
|c SVKPOCL
|e AACR2
|
| 041 |
0 |
|
|a ukr
|
| 044 |
|
|
|a xo
|c SK
|
| 080 |
|
|
|a 80(=161.2)+908(477)
|2 2011
|
| 080 |
|
|
|a 80(=16)+908(4)
|2 2011
|
| 080 |
|
|
|a 75.071.1
|2 2011
|
| 080 |
|
|
|a 929 Dębicki, Stanisław
|2 2011
|
| 080 |
|
|
|a (438)
|2 2011
|
| 080 |
|
|
|a (477)
|2 2011
|
| 080 |
|
|
|a (430.129)
|2 2011
|
| 080 |
|
|
|a (436)
|2 2011
|
| 080 |
|
|
|a (44)
|2 2011
|
| 100 |
1 |
|
|a Lopata, Pavlo,
|d 1945-
|4 aut
|9 120910
|
| 245 |
1 |
0 |
|a Ukrajina - tvoričyj diapazon dlja obohatenie poľského umenia
|b (Stanislav Dembic'kyj. Do 150-riččja narodžennja)
|c Pavlo Lopata
|
| 500 |
|
|
|a V rubrike Mystectvo
|
| 600 |
1 |
7 |
|a Dębicki, Stanisław,
|d 1866-1924
|2 svkpocl
|9 1570031
|
| 650 |
0 |
7 |
|a maliari
|2 svkpocl
|9 3150
|
| 650 |
0 |
7 |
|a slavistika
|2 svkpocl
|9 4282
|
| 650 |
0 |
7 |
|a ukrajinistika
|2 svkpocl
|9 51200
|
| 651 |
|
7 |
|a Lubaczow (Poľsko)
|2 svkpocl
|9 1570032
|
| 651 |
|
7 |
|a Krakov (Poľsko)
|2 svkpocl
|9 17377
|
| 651 |
|
7 |
|a Viedeň (Rakúsko)
|2 svkpocl
|9 25604
|
| 651 |
|
7 |
|a Mníchov (Nemecko)
|2 svkpocl
|9 24849
|
| 651 |
|
7 |
|a Paríž (Francúzsko)
|2 svkpocl
|9 23519
|
| 651 |
|
7 |
|a Ľvov (Ukrajina)
|2 svkpocl
|9 29383
|
| 655 |
|
7 |
|a biografie
|2 svkpocl
|9 27965
|
| 773 |
0 |
|
|t Duklja
|g Rik vydannja 64, No 4 (2016), s. 93-96
|x 0419-8131
|
| 852 |
|
|
|a SVKPO
|b KIS3GCP
|
| 958 |
|
|
|a UK
|
| 958 |
|
|
|a SK
|
| 958 |
|
|
|a UA
|
| 958 |
|
|
|a BC
|
| 958 |
|
|
|a SS
|
| 958 |
|
|
|a PL
|
| 958 |
|
|
|a AT
|
| 958 |
|
|
|a DE
|
| 958 |
|
|
|a FR
|
| 999 |
|
|
|c 3200419
|d 3202349
|